00330nam a2200121Ia 4500008004100000041000800041082001300049100002900062245003500091260003900126300001700165700002600182220530s9999 xx 000 0 und d aeng a510bTEM aTembhekar Chandrashekhar aEngineering Mathematics - III aNagpurbDass Guru Prakashan c2011 a13.19 Pb PB a Shobhane Purushottam